[Event "CZE Extraliga 2019-20"]
[Site "Czech Republic"]
[Date "2019.10.13"]
[Round "2.1"]
[White "Azarov, Sergei"]
[Black "Kraus, Tomas"]
[Result "1/2-1/2"]
[WhiteElo "2586"]
[BlackElo "2475"]
[Annotator "ChessBase"]
[PlyCount "34"]
[EventDate "2019.09.15"]
[EventType "team-tourn"]
[EventCountry "CZE"]
[SourceTitle "playchess.com"]
[Source "ChessBase"]
[SourceQuality "1"]
[WhiteTeam "BŠŠ Frýdek-Místek"]
[BlackTeam "ŠK Zikuda Turnov"]
[TimeControl "40/5400+30:1800+30"]

1. e4 {[%emt 0:00:00]} e5 {[%emt 0:00:00]} 2. Nf3 {[%emt 0:00:00]} Nf6 {[%emt 0:00:09]} 3. Nxe5 {[%emt 0:00:44]} d6 {[%emt 0:00:05]} 4. Nf3 {[%emt 0:00:04]} Nxe4 {[%emt 0:00:05]} 5. d4 {[%emt 0:00:37]} d5 {[%emt 0:00:17]} 6. Bd3 {[%emt 0:00:25]} Bd6 {[%emt 0:02:29]} 7. O-O {[%emt 0:03:55]} O-O {[%emt 0:00:33]} 8. c4 {[%emt 0:06:36]} c6 {[%emt 0:00:52]} 9. Qc2 {[%emt 0:00:32]} Na6 {[%emt 0:03:06]} 10. a3 {[%emt 0:02:35]} Bg4 {[%emt 0:01:54]} 11. Ne5 {[%emt 0:00:57]} Bxe5 {[%emt 0:00:32]} 12. dxe5 {[%emt 0:00:06]} Nac5 {[%emt 0:00:03]} 13. f3 {[%emt 0:04:03]} Nxd3 {[%emt 0:00:57]} 14. Qxd3 {[%emt 0:00:10]} Nc5 {[%emt 0:00:03]} 15. Qd4 {[%emt 0:00:44]} Nb3 {[%emt 0:00:11]} 16. Qxg4 {[%emt 0:00:13]} Nxa1 {[%emt 0:00:04]} 17. Bh6 {[%emt 0:17:46]} g6 {[%emt 0:00:32]} 1/2-1/2

[Event "CZE Extraliga 2019-20"]
[Site "Czech Republic"]
[Date "2019.10.13"]
[Round "2.1"]
[White "Gonda, Laszlo"]
[Black "Ivanchuk, Vassily"]
[Result "1/2-1/2"]
[WhiteElo "2541"]
[BlackElo "2686"]
[Annotator "TA"]
[PlyCount "44"]
[EventDate "2019.09.15"]
[EventType "team-tourn"]
[EventCountry "CZE"]
[SourceTitle "playchess.com"]
[Source "ChessBase"]
[SourceQuality "1"]
[WhiteTeam "Slavia Kromerí\[#\]"]
[BlackTeam "GASCO Pardubice"]

{[%evp 9,44,12,14,13,13,13,18,6,33,25,41,26,28,2,30,23,23,25,20,19,46,32,46,44,55,52,49,47,48,43,60,57,74,71,76,75,83]} 1. Nf3 g6 2. g3 Bg7 3. d4 c5 4. c3 Qa5 5. a3 $146 ({Predecessor:} 5. Nbd2 cxd4 6. Nb3 Qb6 7. Nbxd4 Nf6 8. Bg2 Nc6 9. O-O O-O 10. Qb3 Qc7 11. Qa4 Rb8 12. Nb5 Qb6 13. c4 {1-0 (37) Duda,J (2724)-Heberla,B (2570) Zgierz 2018}) 5... cxd4 6. b4 {A40: Unusual replies to 1 d4} Qd8 7. cxd4 d5 8. Bg2 {The position is equal.} e6 9. O-O Ne7 10. Bb2 O-O 11. Nbd2 b6 12. a4 Bb7 13. Qb3 Nd7 14. Rfc1 Rc8 15. b5 Re8 16. e3 Bf8 17. Bf1 Rxc1 18. Rxc1 Nf5 19. Bc3 Qc7 20. a5 bxa5 21. Ra1 a4 22. Rxa4 Ra8 {Accuracy: White = 64%, Black = 19%.} 1/2-1/2

[Event "CZE Extraliga 2019-20"]
[Site "Czech Republic"]
[Date "2019.10.13"]
[Round "2.1"]
[White "Stohl, Igor"]
[Black "DUR3 Shengelia David GM"]
[Result "1/2-1/2"]
[WhiteElo "2487"]
[BlackElo "2531"]
[Annotator "RC"]
[PlyCount "23"]
[EventDate "2019.09.15"]
[EventType "team-tourn"]
[EventCountry "CZE"]
[SourceTitle "playchess.com"]
[Source "ChessBase"]
[SourceQuality "1"]
[TimeControl "40/5400+30:1800+30"]

1. Nf3 {[%emt 0:00:00]} Nf6 {[%emt 0:00:00]} 2. c4 {[%emt 0:00:29]} c6 {[%emt 0:01:40]} 3. d4 {[%emt 0:02:07]} d5 {[%emt 0:00:21]} 4. e3 {[%emt 0:00:15]} Bg4 {[%emt 0:00:17]} 5. h3 {[%emt 0:01:18]} Bxf3 {[%emt 0:00:21]} 6. Qxf3 {[%emt 0:00:24]} e6 {[%emt 0:00:05]} 7. Nc3 {[%emt 0:00:59]} Bb4 {[%emt 0:00:19]} 8. Bd2 {[%emt 0:03:24]} Nbd7 {[%emt 0:01:28]} 9. Bd3 {[%emt 0:02:33]} O-O {[%emt 0:00:13]} 10. O-O {[%emt 0:03:14]} Re8 {[%emt 0:00:54]} 11. a3 {[%emt 0:09:27]} Bxc3 {[%emt 0:00:54]} 12. Bxc3 1/2-1/2

[Event "CZE Extraliga 2019-20"]
[Site "Czech Republic"]
[Date "2019.10.13"]
[Round "2.1"]
[White "Cernousek, Lukas"]
[Black "Balogh, Csaba"]
[Result "1/2-1/2"]
[WhiteElo "2458"]
[BlackElo "2587"]
[Annotator "RC"]
[PlyCount "31"]
[EventDate "2019.09.15"]
[EventType "team-tourn"]
[EventCountry "CZE"]
[SourceTitle "playchess.com"]
[Source "ChessBase"]
[SourceQuality "1"]
[TimeControl "40/5400+30:1800+30"]

1. e4 {[%emt 0:00:00]} e5 {[%emt 0:00:00]} 2. Nf3 {[%emt 0:00:00]} Nc6 {[%emt 0:00:03]} 3. Nc3 {[%emt 0:00:00]} Nf6 {[%emt 0:00:19]} 4. d4 {[%emt 0:00:00]} exd4 {[%emt 0:00:57]} 5. Nxd4 {[%emt 0:00:03]} Bb4 {[%emt 0:00:07]} 6. Nxc6 {[%emt 0:00:05]} bxc6 {[%emt 0:00:06]} 7. Bd3 {[%emt 0:00:05]} O-O {[%emt 0:01:45]} 8. O-O {[%emt 0:00:06]} d5 {[%emt 0:00:12]} 9. exd5 {[%emt 0:00:07]} cxd5 {[%emt 0:00:32]} 10. Bg5 {[%emt 0:00:06]} c6 {[%emt 0:02:48]} 11. Qf3 {[%emt 0:00:07]} h6 {[%emt 0:09:40]} 12. Bxf6 {[%emt 0:00:07]} Qxf6 {[%emt 0:00:03]} 13. Qxf6 {[%emt 0:00:07]} gxf6 {[%emt 0:00:04]} 14. Ne2 {[%emt 0:00:07]} Bd6 {[%emt 0:00:12]} 15. Nd4 {[%emt 0:00:17]} c5 {[%emt 0:00:05]} 16. Nf5 {[%emt 0:00:36]} 1/2-1/2

[Event "CZE Extraliga 2019-20"]
[Site "Czech Republic"]
[Date "2019.10.13"]
[Round "2.2"]
[White "Hracek, Zbynek"]
[Black "Kozak, Adam"]
[Result "1/2-1/2"]
[WhiteElo "2572"]
[BlackElo "2512"]
[Annotator "ChessBase"]
[PlyCount "31"]
[EventDate "2019.09.15"]
[EventType "team-tourn"]
[EventCountry "CZE"]
[SourceTitle "playchess.com"]
[Source "ChessBase"]
[SourceQuality "1"]
[WhiteTeam "GASCO Pardubice"]
[BlackTeam "Slavia Kromerí\[#\]"]
[TimeControl "40/5400+30:1800+30"]

1. e4 {[%emt 0:00:05]} e5 {[%emt 0:00:00]} 2. Nf3 {[%emt 0:00:09]} Nc6 {[%emt 0:00:00]} 3. Bb5 {[%emt 0:01:04]} Nf6 {[%emt 0:00:07]} 4. O-O {[%emt 0:00:41]} Nxe4 {[%emt 0:00:10]} 5. d4 {[%emt 0:01:54]} Nd6 {[%emt 0:04:54]} 6. Bxc6 {[%emt 0:00:09]} dxc6 {[%emt 0:00:09]} 7. dxe5 {[%emt 0:00:04]} Nf5 {[%emt 0:00:10]} 8. Qxd8+ {[%emt 0:00:04]} Kxd8 {[%emt 0:00:07]} 9. h3 {[%emt 0:00:18]} Be7 {[%emt 0:01:34]} 10. Nc3 {[%emt 0:00:32]} Bd7 {[%emt 0:03:36]} 11. Rd1 {[%emt 0:06:49]} Kc8 {[%emt 0:01:43]} 12. b3 {[%emt 0:06:52]} h6 {[%emt 0:05:09]} 13. Bb2 {[%emt 0:02:24]} a5 {[%emt 0:02:29]} 14. a4 {[%emt 0:06:47]} b6 {[%emt 0:06:06]} 15. Rd2 {[%emt 0:04:02]} Bb4 {[%emt 0:12:13]} 16. Rad1 {[%emt 0:01:27]} 1/2-1/2

[Event "CZE Extraliga 2019-20"]
[Site "Czech Republic"]
[Date "2019.10.13"]
[Round "2.2"]
[White "Stocek, Jiri"]
[Black "Druska, Juraj"]
[Result "1/2-1/2"]
[WhiteElo "2569"]
[BlackElo "2472"]
[Annotator "ChessBase"]
[PlyCount "80"]
[EventDate "2019.09.15"]
[EventType "team-tourn"]
[EventCountry "CZE"]
[SourceTitle "playchess.com"]
[Source "ChessBase"]
[SourceQuality "1"]
[WhiteTeam "Moravská Slavia Brno"]
[BlackTeam "Siesta Solution Unichess"]
[TimeControl "40/5400+30:1800+30"]

1. d4 {[%emt 0:01:25]} Nf6 {[%emt 0:00:00]} 2. Nf3 {[%emt 0:04:30]} e6 {[%emt 0:02:14]} 3. Bf4 {[%emt 0:03:39]} c5 {[%emt 0:01:44]} 4. e3 {[%emt 0:00:08]} Nc6 {[%emt 0:00:57]} 5. Nbd2 {[%emt 0:01:57]} d5 {[%emt 0:05:33]} 6. c3 {[%emt 0:00:39]} Bd6 {[%emt 0:00:06]} 7. Bg3 {[%emt 0:02:29]} O-O {[%emt 0:00:08]} 8. Bd3 {[%emt 0:00:09]} b6 {[%emt 0:00:05]} 9. Qe2 {[%emt 0:00:40]} Bb7 {[%emt 0:00:04]} 10. Rd1 {[%emt 0:00:15]} Rc8 {[%emt 0:00:04]} 11. e4 {[%emt 0:07:22]} Be7 {[%emt 0:00:08]} 12. exd5 {[%emt 0:04:35]} exd5 {[%emt 0:15:45]} 13. Bf5 {[%emt 0:02:08]} cxd4 {[%emt 0:04:54]} 14. Nxd4 {[%emt 0:05:58]} Nxd4 {[%emt 0:06:13]} 15. cxd4 {[%emt 0:00:12]} Rc6 {[%emt 0:22:07]} 16. O-O {[%emt 0:03:14]} g6 {[%emt 0:05:45]} 17. Bd3 {[%emt 0:04:12]} Re6 {[%emt 0:06:01]} 18. Be5 {[%emt 0:07:26]} Nd7 {[%emt 0:02:56]} 19. f4 {[%emt 0:02:12]} Rc6 {[%emt 0:00:05]} 20. Rc1 {[%emt 0:07:51]} Nxe5 {[%emt 0:04:05]} 21. fxe5 {[%emt 0:01:37]} Qc7 {[%emt 0:05:20]} 22. Rce1 {[%emt 0:01:35]} Bc8 {[%emt 0:01:23]} 23. Qe3 {[%emt 0:03:21]} b5 {[%emt 0:02:42]} 24. Nf3 {[%emt 0:02:23]} b4 {[%emt 0:00:22]} 25. Rf2 {[%emt 0:05:10]} Ba6 {[%emt 0:02:18]} 26. Bxa6 {[%emt 0:01:29]} Rxa6 {[%emt 0:00:01]} 27. Rc1 {[%emt 0:07:26]} Rc6 {[%emt 0:00:28]} 28. Rcf1 {[%emt 0:00:37]} Rc2 {[%emt 0:08:42]} 29. h4 {[%emt 0:04:55]} Rxf2 {[%emt 0:00:10]} 30. Rxf2 {[%emt 0:01:30]} Rc8 {[%emt 0:00:47]} 31. Rf1 {[%emt 0:00:56]} Qd7 {[%emt 0:01:34]} 32. Ng5 {[%emt 0:03:03]} Bxg5 {[%emt 0:00:07]} 33. Qxg5 {[%emt 0:00:23]} h5 {[%emt 0:01:03]} 34. Rf2 {[%emt 0:03:13]} Rc4 {[%emt 0:01:55]} 35. Qf4 {[%emt 0:03:36]} a5 {[%emt 0:00:12]} 36. b3 {[%emt 0:01:12]} Rc6 {[%emt 0:00:34]} 37. Kh2 {[%emt 0:00:32]} Kg7 {[%emt 0:00:18]} 38. Qg5 {[%emt 0:00:41]} Kg8 {[%emt 0:00:56]} 39. Qf4 {[%emt 0:02:49]} Kg7 {[%emt 0:00:07]} 40. Qg5 {[%emt 0:00:09]} Kg8 {[%emt 0:00:14]} 1/2-1/2

[Event "CZE Extraliga 2019-20"]
[Site "Czech Republic"]
[Date "2019.10.13"]
[Round "2.2"]
[White "Ponizil, Cyril"]
[Black "Pulpan, Jakub"]
[Result "1/2-1/2"]
[WhiteElo "2504"]
[BlackElo "2421"]
[Annotator "ChessBase"]
[PlyCount "91"]
[EventDate "2019.09.15"]
[EventType "team-tourn"]
[EventCountry "CZE"]
[SourceTitle "playchess.com"]
[Source "ChessBase"]
[SourceQuality "1"]
[WhiteTeam "ŠK Duras BVK"]
[BlackTeam "ŠK Dopravní podnik Praha"]
[TimeControl "40/5400+30:1800+30"]

1. e4 {[%emt 0:00:00]} e5 {[%emt 0:00:00]} 2. Nf3 {[%emt 0:00:00]} Nc6 {[%emt 0:00:14]} 3. Bb5 {[%emt 0:00:00]} Nf6 {[%emt 0:00:28]} 4. d3 {[%emt 0:00:00]} Bc5 {[%emt 0:00:27]} 5. O-O {[%emt 0:00:01]} Nd4 {[%emt 0:00:36]} 6. Nxd4 {[%emt 0:03:07]} Bxd4 {[%emt 0:00:11]} 7. Nd2 {[%emt 0:02:06]} c6 {[%emt 0:01:40]} 8. Ba4 {[%emt 0:00:23]} d6 {[%emt 0:02:15]} 9. c3 {[%emt 0:01:17]} Bb6 {[%emt 0:00:23]} 10. Bc2 {[%emt 0:00:33]} h6 {[%emt 0:02:34]} 11. Nc4 {[%emt 0:00:34]} Bc7 {[%emt 0:01:12]} 12. f4 {[%emt 0:02:29]} exf4 {[%emt 0:20:22]} 13. Bxf4 {[%emt 0:00:33]} O-O {[%emt 0:07:28]} 14. Ne3 {[%emt 0:03:45]} Re8 {[%emt 0:04:47]} 15. Qf3 {[%emt 0:03:05]} d5 {[%emt 0:12:40]} 16. Bxc7 {[%emt 0:00:08]} Qxc7 {[%emt 0:00:13]} 17. exd5 {[%emt 0:02:04]} cxd5 {[%emt 0:02:35]} 18. d4 {[%emt 0:00:07]} Be6 {[%emt 0:01:03]} 19. Rae1 {[%emt 0:00:48]} b5 {[%emt 0:01:38]} 20. Qd1 {[%emt 0:05:02]} Ne4 {[%emt 0:10:33]} 21. Bxe4 {[%emt 0:03:55]} dxe4 {[%emt 0:00:10]} 22. d5 {[%emt 0:00:25]} Bd7 {[%emt 0:00:55]} 23. d6 {[%emt 0:00:53]} Qb6 {[%emt 0:01:49]} 24. Rf2 {[%emt 0:07:11]} Be6 {[%emt 0:02:38]} 25. Nd5 {[%emt 0:00:33]} Bxd5 {[%emt 0:07:51]} 26. Qxd5 {[%emt 0:00:05]} Rad8 {[%emt 0:00:18]} 27. Qxf7+ {[%emt 0:03:00]} Kh8 {[%emt 0:00:27]} 28. Qc7 {[%emt 0:02:08]} Qxd6 {[%emt 0:12:33]} 29. Qxd6 {[%emt 0:03:00]} Rxd6 {[%emt 0:00:01]} 30. Rfe2 {[%emt 0:00:05]} e3 {[%emt 0:02:33]} 31. g3 {[%emt 0:02:40]} Kh7 {[%emt 0:03:55]} 32. Kg2 {[%emt 0:04:27]} a5 {[%emt 0:00:29]} 33. Rc1 {[%emt 0:05:34]} Rd5 {[%emt 0:00:52]} 34. Rf1 {[%emt 0:08:09]} Kg6 {[%emt 0:00:32]} 35. Rf4 {[%emt 0:06:44]} Rd1 {[%emt 0:00:13]} 36. a4 {[%emt 0:01:42]} bxa4 {[%emt 0:00:26]} 37. Rxa4 {[%emt 0:00:09]} Re5 {[%emt 0:00:17]} 38. Rf4 {[%emt 0:04:47]} Rb1 {[%emt 0:00:58]} 39. Ra4 {[%emt 0:00:58]} Rd1 {[%emt 0:00:07]} 40. h4 {[%emt 0:01:19]} h5 {[%emt 0:00:34]} 41. b4 {[%emt 0:38:37]} axb4 {[%emt 0:30:52]} 42. Rxb4 {[%emt 0:00:09]} Rc1 {[%emt 0:00:00]} 43. Rc4 {[%emt 0:00:00]} Kf5 {[%emt 0:00:00]} 44. Rf4+ {[%emt 0:00:00]} Kg6 {[%emt 0:00:00]} 45. Rc4 {[%emt 0:00:00]} Kf5 {[%emt 0:00:00]} 46. Rf4+ {[%emt 0:00:00]} 1/2-1/2

[Event "CZE Extraliga 2019-20"]
[Site "Czech Republic"]
[Date "2019.10.13"]
[Round "2.2"]
[White "Kantans, Toms"]
[Black "Zhigalko, Andrey"]
[Result "1-0"]
[WhiteElo "2490"]
[BlackElo "2543"]
[Annotator "ChessBase"]
[PlyCount "85"]
[EventDate "2019.09.15"]
[EventType "team-tourn"]
[EventCountry "CZE"]
[SourceTitle "playchess.com"]
[Source "ChessBase"]
[SourceQuality "1"]
[WhiteTeam " ŠK Zikuda Turnov"]
[BlackTeam "BŠŠ Frýdek-Místek"]
[TimeControl "40/5400+30:1800+30"]

1. e4 {[%emt 0:00:00]} c5 {[%emt 0:00:00]} 2. Nf3 {[%emt 0:00:00]} d6 {[%emt 0:00:00]} 3. d4 {[%emt 0:00:04]} cxd4 {[%emt 0:00:00]} 4. Nxd4 {[%emt 0:00:07]} Nf6 {[%emt 0:00:00]} 5. Nc3 {[%emt 0:00:07]} a6 {[%emt 0:00:00]} 6. Bg5 {[%emt 0:00:32]} e6 {[%emt 0:00:00]} 7. f4 {[%emt 0:00:06]} Be7 {[%emt 0:00:05]} 8. Qf3 {[%emt 0:01:13]} Qc7 {[%emt 0:00:11]} 9. O-O-O {[%emt 0:00:38]} Nbd7 {[%emt 0:00:04]} 10. g4 {[%emt 0:02:15]} b5 {[%emt 0:00:06]} 11. Bxf6 {[%emt 0:02:05]} Nxf6 {[%emt 0:00:06]} 12. g5 {[%emt 0:00:05]} Nd7 {[%emt 0:00:05]} 13. f5 {[%emt 0:08:23]} O-O {[%emt 0:00:29]} 14. Rg1 {[%emt 0:04:40]} b4 {[%emt 0:00:29]} 15. Nce2 {[%emt 0:00:24]} e5 {[%emt 0:00:37]} 16. f6 {[%emt 0:08:59]} exd4 {[%emt 0:00:08]} 17. fxe7 {[%emt 0:00:24]} Re8 {[%emt 0:00:05]} 18. Nxd4 {[%emt 0:03:00]} Ne5 {[%emt 0:00:06]} 19. Qb3 {[%emt 0:01:26]} a5 {[%emt 0:09:59]} 20. Rg3 {[%emt 0:03:56]} Rxe7 {[%emt 0:33:41]} 21. Nb5 {[%emt 0:11:23]} Qc5 {[%emt 0:17:14]} 22. Qd5 {[%emt 0:06:00]} Qxd5 {[%emt 0:02:36]} 23. exd5 {[%emt 0:00:47]} Bg4 {[%emt 0:07:00]} 24. Rd4 {[%emt 0:04:58]} Rd8 {[%emt 0:03:06]} 25. c3 {[%emt 0:04:35]} Bh5 {[%emt 0:05:18]} 26. Re3 {[%emt 0:05:24]} bxc3 {[%emt 0:03:28]} 27. Nxc3 {[%emt 0:02:23]} Rc7 {[%emt 0:03:46]} 28. Rh4 {[%emt 0:03:10]} Bg6 {[%emt 0:00:32]} 29. b3 {[%emt 0:02:48]} Rf8 {[%emt 0:08:38]} 30. Rf4 {[%emt 0:03:43]} Nd3+ {[%emt 0:04:01]} 31. Bxd3 {[%emt 0:00:06]} Rxc3+ {[%emt 0:00:05]} 32. Kd2 {[%emt 0:00:04]} Rc5 {[%emt 0:00:52]} 33. Bc4 {[%emt 0:00:05]} Rfc8 {[%emt 0:01:44]} 34. Re7 {[%emt 0:02:26]} R5c7 {[%emt 0:00:33]} 35. Rxc7 {[%emt 0:00:05]} Rxc7 {[%emt 0:00:01]} 36. Kc3 {[%emt 0:00:36]} Kf8 {[%emt 0:00:39]} 37. b4 {[%emt 0:00:07]} axb4+ {[%emt 0:00:41]} 38. Kxb4 {[%emt 0:00:02]} Ke7 {[%emt 0:00:53]} 39. a4 {[%emt 0:01:30]} Kd8 {[%emt 0:00:53]} 40. Kb5 {[%emt 0:02:24]} Ra7 {[%emt 0:01:05]} 41. a5 {[%emt 0:31:15]} Kc7 {[%emt 0:30:40]} 42. a6 {[%emt 0:01:05]} Ra8 {[%emt 0:00:00]} 43. Ka5 {[%emt 0:00:00]} 1-0

[Event "CZE Extraliga 2019-20"]
[Site "Czech Republic"]
[Date "2019.10.13"]
[Round "2.3"]
[White "Markos, Jan"]
[Black "Shevchenko, Kirill"]
[Result "1/2-1/2"]
[WhiteElo "2572"]
[BlackElo "2541"]
[Annotator "ChessBase"]
[PlyCount "60"]
[EventDate "2019.09.15"]
[EventType "team-tourn"]
[EventCountry "CZE"]
[SourceTitle "playchess.com"]
[Source "ChessBase"]
[SourceQuality "1"]
[WhiteTeam "Slavia Kromerí\[#\]"]
[BlackTeam "GASCO Pardubice"]
[TimeControl "40/5400+30:1800+30"]

1. d4 {[%emt 0:00:00]} Nf6 {[%emt 0:00:00]} 2. c4 {[%emt 0:00:00]} e6 {[%emt 0:00:00]} 3. Nf3 {[%emt 0:00:00]} b6 {[%emt 0:00:00]} 4. g3 {[%emt 0:00:00]} Bb7 {[%emt 0:00:00]} 5. Bg2 {[%emt 0:00:00]} Be7 {[%emt 0:00:00]} 6. O-O {[%emt 0:00:11]} O-O {[%emt 0:00:00]} 7. Nc3 {[%emt 0:00:05]} Ne4 {[%emt 0:00:02]} 8. Bd2 {[%emt 0:00:05]} Bf6 {[%emt 0:00:05]} 9. Ne5 {[%emt 0:01:50]} Nxc3 {[%emt 0:00:26]} 10. Bxc3 {[%emt 0:00:05]} Bxg2 {[%emt 0:00:07]} 11. Kxg2 {[%emt 0:00:05]} c5 {[%emt 0:01:32]} 12. dxc5 {[%emt 0:05:34]} bxc5 {[%emt 0:00:10]} 13. Qd6 {[%emt 0:10:06]} Be7 {[%emt 0:14:48]} 14. Qd3 {[%emt 0:00:30]} Qc7 {[%emt 0:00:27]} 15. Qf3 {[%emt 0:09:56]} f6 {[%emt 0:03:02]} 16. Qxa8 {[%emt 0:05:13]} Nc6 {[%emt 0:00:27]} 17. Qxf8+ {[%emt 0:00:17]} Bxf8 {[%emt 0:02:59]} 18. Nxc6 {[%emt 0:03:09]} Qxc6+ {[%emt 0:01:04]} 19. f3 {[%emt 0:00:12]} Qa6 {[%emt 0:13:27]} 20. b3 {[%emt 0:06:58]} d5 {[%emt 0:00:20]} 21. Rfc1 {[%emt 0:00:40]} dxc4 {[%emt 0:14:44]} 22. bxc4 {[%emt 0:00:07]} Qxc4 {[%emt 0:00:07]} 23. Rc2 {[%emt 0:00:16]} Qa6 {[%emt 0:11:50]} 24. Be1 {[%emt 0:07:49]} e5 {[%emt 0:11:08]} 25. a4 {[%emt 0:05:43]} c4 {[%emt 0:05:15]} 26. a5 {[%emt 0:06:04]} Qb5 {[%emt 0:02:09]} 27. a6 {[%emt 0:16:09]} Bc5 {[%emt 0:02:48]} 28. Rac1 {[%emt 0:07:40]} Ba3 {[%emt 0:01:50]} 29. Ra1 {[%emt 0:00:11]} Bc5 {[%emt 0:00:34]} 30. Rac1 {[%emt 0:00:30]} Ba3 1/2-1/2

[Event "CZE Extraliga 2019-20"]
[Site "Czech Republic"]
[Date "2019.10.13"]
[Round "2.3"]
[White "Fedorov, Alexei"]
[Black "Cyborowski, Lukasz"]
[Result "1/2-1/2"]
[WhiteElo "2551"]
[BlackElo "2509"]
[Annotator "ChessBase"]
[PlyCount "33"]
[EventDate "2019.09.15"]
[EventType "team-tourn"]
[EventCountry "CZE"]
[SourceTitle "playchess.com"]
[Source "ChessBase"]
[SourceQuality "1"]
[WhiteTeam "BŠŠ Frýdek-Místek "]
[BlackTeam "ŠK Zikuda Turnov"]
[TimeControl "40/5400+30:1800+30"]

1. e4 {[%emt 0:00:00]} e5 {[%emt 0:00:00]} 2. Bc4 {[%emt 0:00:39]} Nf6 {[%emt 0:00:51]} 3. d3 {[%emt 0:00:08]} c6 {[%emt 0:02:00]} 4. Nf3 {[%emt 0:00:16]} d6 {[%emt 0:01:10]} 5. O-O {[%emt 0:00:30]} Be7 {[%emt 0:00:22]} 6. c3 {[%emt 0:01:56]} O-O {[%emt 0:01:26]} 7. Bb3 {[%emt 0:00:27]} Re8 {[%emt 0:06:52]} 8. Nbd2 {[%emt 0:00:55]} Bf8 {[%emt 0:00:45]} 9. Re1 {[%emt 0:02:34]} Be6 {[%emt 0:01:26]} 10. Bc2 {[%emt 0:01:04]} Nbd7 {[%emt 0:01:44]} 11. Nf1 {[%emt 0:05:16]} h6 {[%emt 0:08:27]} 12. Ng3 {[%emt 0:20:06]} d5 {[%emt 0:08:27]} 13. d4 {[%emt 0:07:25]} dxe4 {[%emt 0:06:30]} 14. Nxe5 {[%emt 0:01:34]} Nxe5 {[%emt 0:03:39]} 15. dxe5 {[%emt 0:00:21]} Qxd1 {[%emt 0:00:21]} 16. Rxd1 {[%emt 0:03:50]} Ng4 {[%emt 0:11:56]} 17. Nxe4 {[%emt 0:01:32]} 1/2-1/2

[Event "CZE Extraliga 2019-20"]
[Site "Czech Republic"]
[Date "2019.10.13"]
[Round "2.3"]
[White "Bernasek, Jan"]
[Black "Heberla, Bartlomiej"]
[Result "0-1"]
[WhiteElo "2490"]
[BlackElo "2544"]
[Annotator "ChessBase"]
[PlyCount "90"]
[EventDate "2019.09.15"]
[EventType "team-tourn"]
[EventCountry "CZE"]
[SourceTitle "playchess.com"]
[Source "ChessBase"]
[SourceQuality "1"]
[WhiteTeam "Siesta Solution Unichess"]
[BlackTeam "Moravská Slavia Brno"]
[TimeControl "40/5400+30:1800+30"]

1. d4 {[%emt 0:01:24]} e6 {[%emt 0:00:09]} 2. c4 {[%emt 0:00:20]} d5 {[%emt 0:00:07]} 3. Nc3 {[%emt 0:00:44]} Nf6 {[%emt 0:00:11]} 4. cxd5 {[%emt 0:00:32]} exd5 {[%emt 0:00:03]} 5. Bg5 {[%emt 0:00:11]} c6 {[%emt 0:00:04]} 6. Qc2 {[%emt 0:04:14]} h6 {[%emt 0:00:15]} 7. Bh4 {[%emt 0:00:26]} g6 {[%emt 0:00:05]} 8. e3 {[%emt 0:04:19]} Bf5 {[%emt 0:00:58]} 9. Bd3 {[%emt 0:01:24]} Bxd3 {[%emt 0:00:08]} 10. Qxd3 {[%emt 0:00:06]} Nbd7 {[%emt 0:00:17]} 11. Nf3 {[%emt 0:00:38]} Be7 {[%emt 0:04:25]} 12. O-O {[%emt 0:04:18]} O-O {[%emt 0:02:01]} 13. h3 {[%emt 0:06:32]} Nh5 {[%emt 0:04:33]} 14. Bxe7 {[%emt 0:03:04]} Qxe7 {[%emt 0:00:03]} 15. Nd2 {[%emt 0:07:53]} f5 {[%emt 0:16:42]} 16. g4 {[%emt 0:08:52]} Ng7 {[%emt 0:04:35]} 17. Ne2 {[%emt 0:06:19]} Rae8 {[%emt 0:24:51]} 18. Nf4 {[%emt 0:03:39]} Qd6 {[%emt 0:01:47]} 19. Rae1 {[%emt 0:02:15]} g5 {[%emt 0:04:07]} 20. Ng2 {[%emt 0:00:34]} fxg4 {[%emt 0:12:11]} 21. hxg4 {[%emt 0:00:17]} Nf6 {[%emt 0:00:29]} 22. f3 {[%emt 0:15:46]} Qg3 {[%emt 0:00:05]} 23. Re2 {[%emt 0:06:58]} h5 {[%emt 0:00:08]} 24. gxh5 {[%emt 0:11:59]} Nfxh5 {[%emt 0:00:29]} 25. Rff2 {[%emt 0:00:10]} Qh3 {[%emt 0:04:36]} 26. Nf1 {[%emt 0:00:16]} Rxf3 {[%emt 0:04:32]} 27. Qg6 {[%emt 0:03:03]} Rf5 {[%emt 0:07:00]} 28. e4 {[%emt 0:01:39]} dxe4 {[%emt 0:01:37]} 29. Re3 {[%emt 0:01:04]} Qg4 {[%emt 0:02:00]} 30. Nh2 {[%emt 0:02:32]} Qd1+ {[%emt 0:00:18]} 31. Re1 {[%emt 0:00:27]} Qxd4 {[%emt 0:00:26]} 32. Ng4 {[%emt 0:01:45]} Rxf2 {[%emt 0:00:11]} 33. Nxf2 {[%emt 0:00:13]} Rf8 {[%emt 0:01:09]} 34. Re3 {[%emt 0:00:28]} Qxb2 {[%emt 0:03:31]} 35. Nh3 {[%emt 0:00:03]} Qa1+ {[%emt 0:00:48]} 36. Re1 {[%emt 0:00:05]} Qd4+ {[%emt 0:00:27]} 37. Kh1 {[%emt 0:00:04]} Qf6 {[%emt 0:00:33]} 38. Qxf6 {[%emt 0:00:16]} Rxf6 {[%emt 0:01:20]} 39. Nxg5 {[%emt 0:00:09]} Ng3+ {[%emt 0:01:01]} 40. Kg1 {[%emt 0:00:15]} Ne6 {[%emt 0:01:08]} 41. Nxe4 {[%emt 0:33:50]} Nxe4 {[%emt 0:30:14]} 42. Rxe4 {[%emt 0:00:04]} Kf7 {[%emt 0:00:21]} 43. Ne3 {[%emt 0:00:52]} Ke7 {[%emt 0:00:00]} 44. Nc4 {[%emt 0:00:00]} Kd7 {[%emt 0:00:00]} 45. Rh4 {[%emt 0:00:00]} Nf8 {[%emt 0:00:00]} 0-1